Problèmes de calcul matriciel /

Guardado en:
Autor Principal: Balliccioni, A.
Formato: Libro
Idioma:French
Publicado: Paris : Editions Scientifiques Claude Hermant, [195?]
Etiquetas: Agregar Etiqueta
Sin Etiquetas, Sea el primero en etiquetar este registro!
LEADER 00585nam a22001575a 4500
001 MAT.inmabb002552
008 050314s195u####fr############001#0#fre#d
005 20130403162816.0
245 1 0 |a Problèmes de calcul matriciel /  |c A. Balliccioni. 
260 |a Paris :  |b Editions Scientifiques Claude Hermant,  |c [195?] 
300 |a 162 p. ;  |c 23 cm. 
500 |a Los problemas tienen fecha, y el más reciente es de 1957. 
505 0 |a 1re. ptie. : Généralités. -- 2e. ptie. : Problèmes d'exames. 
100 1 |a Balliccioni, A. 
084 |a 15-01 (00A07)  |2 msc2000 
859 |h 15  |i B192  |p A-8211  |b BIB. MATEMATICA